| 000 | 00956nas a2200277 i 4500 | ||
|---|---|---|---|
| 001 | 1510 | ||
| 003 | ES-MaACL | ||
| 005 | 20250724062544.0 | ||
| 007 | t| | ||
| 008 | 950801d18431870sp m|yp | ||pa d | ||
| 022 | _a2171-1453 | ||
| 080 | _a460 | ||
| 080 | _a(051) | ||
| 245 | 0 | 0 |
_aMuseo de las familias _b: lecturas. |
| 246 | 3 | _aMuseo de las familias (Madrid) | |
| 260 |
_aMadrid : _b[Francisco de Paula Mellado], _c1843-[1870] |
||
| 300 |
_av. : _bgrab. ; _c27 cm. |
||
| 310 | _aMensual | ||
| 362 | 0 | _a[T. 1] (25 en. 1843)-t. 12 (dic. 1854); 2. serie, año 13 ([en.] 1855)-año 25 ([dic.] 1867); año 26, t. 1, n.1 (abr. 1870)-t. 1 ([dic. 1870]) | |
| 530 | _aDisponible en formato digital. | ||
| 650 | 7 |
_aCultura _2embne _9170963 |
|
| 852 |
_aES-MaACL _jR-1785-94 Olim: G-3891-3900 |
||
| 856 |
_uhttp://hemerotecadigital.bne.es/details.vm?o=&w=2171-1453&f=issn&l=500 _zHemeroteca Digital |
||
| 866 | 0 | _o1843-52. | |
| 999 |
_c1510 _d1510 |
||